| 000 -LEADER |
| fixed length control field |
00677nam a2200205Ia 4500 |
| 001 - CONTROL NUMBER |
| control field |
14148 |
| 003 - CONTROL NUMBER IDENTIFIER |
| control field |
GE_BSU |
| 008 - FIXED-LENGTH DATA ELEMENTS--GENERAL INFORMATION |
| fixed length control field |
181216s||||||||xx |||||||||||||| ||und|| |
| 040 ## - CATALOGING SOURCE |
| Transcribing agency |
GE_BSU |
| 080 ## - UNIVERSAL DECIMAL CLASSIFICATION NUMBER |
| Universal Decimal Classification number |
624.21 |
| 100 ## - MAIN ENTRY--PERSONAL NAME |
| Personal name |
Власов,Г.М. Геронимус,В.Б. Поваляев,Е.В. и др. |
| 245 ## - TITLE STATEMENT |
| Title |
Расчет железобетонных мостов. |
| 245 ## - TITLE STATEMENT |
| Statement of responsibility, etc. |
Под общей ред. К.К.Якобсона. |
| 260 ## - PUBLICATION, DISTRIBUTION, ETC. |
| Place of publication, distribution, etc. |
М. |
| 260 ## - PUBLICATION, DISTRIBUTION, ETC. |
| Name of publisher, distributor, etc. |
Транспорт. |
| 260 ## - PUBLICATION, DISTRIBUTION, ETC. |
| Date of publication, distribution, etc. |
1970. |
| 300 ## - PHYSICAL DESCRIPTION |
| Extent |
272 стр. 22 см. с илл. Библиогр.: стр. 258-269. |
| 653 ## - INDEX TERM--UNCONTROLLED |
| Uncontrolled term |
Расчет железобетонных мостов. |
| 942 ## - ADDED ENTRY ELEMENTS (KOHA) |
| Koha item type |
წიგნი |